[Event "12ème open"]
[Site "Louviers"]
[Date "2009.05.30"]
[Round "2"]
[White "Levesque, Thomas"]
[Black "Arinal, Serge"]
[Result "1-0"]
[WhiteElo "1950"]
[BlackElo "1710"]
[PlyCount "79"]
[EventDate "2009.05.30"]
[SourceDate "2009.05.30"]

1. d4 Nf6 2. c4 e6 3. Nc3 d5 4. Nf3 b6 5. Bg5 Be7 6. e3 Bb7 7. Qc2 Nbd7 8.
O-O-O Rc8 9. Qa4 a5 10. Ne5 c6 11. Bxf6 Nxf6 12. f3 O-O 13. Qb3 c5 14. Kb1 cxd4
15. exd4 Bb4 16. Na4 dxc4 17. Bxc4 Bd5 18. Bxd5 Nxd5 19. Rc1 b5 20. Nc5 a4 21.
Qd3 a3 22. Ned7 axb2 23. Kxb2 Re8 24. g3 Ra8 25. Ka1 Ra3 26. Qxb5 Bc3+ (26...
Nc3 27. Rxc3 Bxc3+ 28. Kb1 Bxd4) 27. Kb1 (27. Rxc3 Rxa2+ 28. Kxa2 Nxc3+) 27...
Bxd4 28. Ne4 Qa8 (28... Qxd7 29. Qxd7 Rb8+ 30. Kc2 Rb2+ 31. Kd1 Ne3+ 32. Ke1
Ng2+ 33. Kf1 (33. Kd1 Rd3+ 34. Nd2 Rdxd2#) 33... Rxf3+ 34. Nf2 Rfxf2+ 35. Kg1
Rfc2+ 36. Kf1 Rxc1#) 29. Rc2 Qa5 30. Qxa5 Rxa5 31. Kc1 Nb4 32. Rc4 Be3+ 33. Kb2
Nd3+ 34. Kc2 Ra3 35. Rd1 Nf2 36. Ra1 Nxe4 37. fxe4 f6 38. e5 Rea8 39. Rd1 Rxa2+
40. Kb3 {impossible à déchiffrer} 1-0

[Event "12ème open"]
[Site "Louviers"]
[Date "2009.06.01"]
[Round "5"]
[White "Mouhamad, Joachin"]
[Black "Duverne, Jean-Marie"]
[Result "1-0"]
[WhiteElo "1978"]
[BlackElo "2158"]
[PlyCount "47"]
[EventDate "2009.05.30"]
[SourceDate "2009.05.30"]

1. e4 c5 2. a3 Nc6 3. b4 cxb4 4. axb4 Nxb4 5. c3 Nc6 6. d4 d5 7. exd5 Qxd5 8.
Na3 e6 9. Nb5 Qd8 10. Bf4 e5 11. Qe2 Be6 12. d5 a6 (12... exf4 $17 13. dxe6 a6
14. exf7+ Kxf7 15. Qc4+ Kg6 $17) 13. dxe6 axb5 14. Rd1 Qf6 15. exf7+ Qxf7 16.
Bxe5 Qe6 17. f4 b4 18. Nf3 Nxe5 19. Nxe5 Be7 20. Qh5+ Kf8 21. Bc4 Bh4+ 22. g3
Qh3 23. Kf2 Rd8 24. Qxh4 1-0

[Event "12ème open"]
[Site "Louviers"]
[Date "2009.05.30"]
[Round "1"]
[White "Perrusset, Barbara"]
[Black "Langlet, Stephanie"]
[Result "1-0"]
[WhiteElo "1814"]
[BlackElo "1200"]
[PlyCount "75"]
[EventDate "2009.01.18"]
[SourceDate "2009.06.06"]

1. e4 e5 2. Nf3 Nc6 3. Nc3 Nf6 4. d4 exd4 5. Nxd4 Bc5 6. Be3 d6 7. Nxc6 bxc6 8.
Bxc5 O-O 9. Be3 Rb8 10. b3 d5 11. exd5 cxd5 12. Be2 Bf5 13. O-O c6 14. Bxa7 Rb7
15. Be3 Ne4 16. Nxe4 Bxe4 17. Bf3 f5 18. a4 Qd6 19. Bxe4 fxe4 20. Qd4 Rb4 21.
Qc5 Rf6 22. Qxd6 Rxd6 23. Bc5 Rb7 24. Bxd6 Kf7 25. a5 Ra7 26. a6 Ke6 27. Bc5
Ra8 28. a7 g5 29. Ra6 Kd7 30. Rfa1 Kc7 31. Rb6 g4 32. Rb8 Rxb8 33. Bd6+ Kxd6
34. axb8=Q+ Ke7 35. Qe5+ Kf7 36. Ra7+ Kg6 37. Rg7+ Kh6 38. Qg5# 1-0

[Event "12ème open"]
[Site "Louviers"]
[Date "2009.05.30"]
[Round "1"]
[White "Perieteanu, Audrey"]
[Black "Roussel, Julien"]
[Result "0-1"]
[WhiteElo "1210"]
[BlackElo "1859"]
[PlyCount "102"]
[EventDate "2009.01.18"]
[SourceDate "2009.06.06"]

1. e4 Nf6 2. Nc3 d6 3. d4 g6 4. Nf3 Bg7 5. Be3 c5 6. Be2 cxd4 7. Bxd4 Nc6 8.
Be3 Qa5 9. Bd2 O-O 10. O-O Qb4 11. Rb1 Nxe4 12. Nxe4 Qxe4 13. Bd3 Qd5 14. b3
Bg4 15. Be2 Rac8 16. c4 Qc5 17. Be3 Qa5 18. a4 Bf5 19. Rc1 Bb2 20. Bd2 Qd8 21.
Bh6 Re8 22. Qd5 Bxc1 23. Rxc1 Qa5 24. Ng5 Qxd5 25. cxd5 Nd4 26. Re1 Nxe2+ 27.
Kf1 Bd3 28. Nf3 Rc5 29. Rd1 Ba6 30. Ke1 Rec8 31. b4 Nc3 32. Ra1 Bd3 33. bxc5
Rxc5 34. Ra3 Be4 35. Be3 Rc7 36. Bxa7 Bxf3 37. gxf3 Nxd5 38. Rd3 Nf4 39. Rd4
Ne6 40. Re4 Rc1+ 41. Kd2 Rh1 42. h4 Kg7 43. Rb4 Kf6 44. Rxb7 Rxh4 45. a5 Ra4
46. Bb6 h5 47. Ra7 h4 48. Ra8 Ng7 49. Ke2 Nh5 50. Kf1 Nf4 51. Be3 Ra1+ 0-1

[Event "12ème open"]
[Site "Louviers"]
[Date "2009.05.30"]
[Round "1"]
[White "Arinal, Serge"]
[Black "Pineau, Guy"]
[Result "1-0"]
[WhiteElo "1710"]
[BlackElo "1170"]
[PlyCount "73"]
[EventDate "2009.01.18"]
[SourceDate "2009.06.07"]

1. Nf3 d5 2. c4 Be6 3. cxd5 Bxd5 4. e3 e6 5. Nc3 Bc6 6. Ne5 Nf6 7. Nxc6 Nxc6 8.
Qb3 Be7 9. Qxb7 Na5 10. Bb5+ Nd7 11. Bxd7+ Kxd7 12. Qb5+ c6 13. Qd3+ Kc7 14.
Qa6 Kd7 15. O-O Qb6 16. Qd3+ Bd6 17. Ne4 c5 18. b3 f5 19. Nxd6 Qxd6 20. Qxd6+
Kxd6 21. Bb2 Rhg8 22. Rac1 Nb7 23. d4 Kd5 24. Rfd1 Kc6 25. dxc5 g6 26. b4 a6
27. Rc4 Rgd8 28. Rcd4 a5 29. a3 e5 30. Rxd8 Nxd8 31. Bxe5 axb4 32. axb4 Ne6 33.
Rd6+ Kb5 34. Rxe6 Kxb4 35. Bd4 Kc4 36. g3 g5 37. Rf6 1-0

[Event "12ème open"]
[Site "Louviers"]
[Date "2009.05.30"]
[Round "1"]
[White "Josse, Sebastien"]
[Black "Pineau, Sarah"]
[Result "1-0"]
[WhiteElo "1800"]
[BlackElo "1200"]
[PlyCount "51"]
[EventDate "2009.01.18"]
[SourceDate "2009.06.07"]

1. d4 d5 2. c4 dxc4 3. Nc3 e6 4. e4 Be7 5. e5 Bh4 6. Qg4 Nh6 7. Qxg7 Ng4 8.
Qxh8+ Ke7 9. Qxd8+ Kxd8 10. Ne4 Nc6 11. Nf3 Nb4 12. Nxh4 Nc2+ 13. Kd1 Nxa1 14.
Bg5+ Ke8 15. Bxc4 Bd7 16. f3 Rd8 17. fxg4 Rc8 18. Kd2 Ba4 19. Rxa1 f6 20. Bxf6
c6 21. Bxe6 Rc7 22. Rf1 Kf8 23. Nd6 Bb5 24. Bd8+ Kg7 25. Ne8+ Kh8 26. Rf8# 1-0

[Event "12ème open"]
[Site "Louviers"]
[Date "2009.05.30"]
[Round "1"]
[White "Thierry, Louis"]
[Black "Frey, Alain"]
[Result "0-1"]
[WhiteElo "1199"]
[BlackElo "1770"]
[PlyCount "54"]
[EventDate "2009.01.18"]
[SourceDate "2009.06.07"]

1. e4 g6 2. Nf3 Bg7 3. d3 d6 4. Be2 Nc6 5. O-O Nf6 6. Nc3 O-O 7. Be3 a6 8. d4
b5 9. d5 Na7 10. Bd4 c5 11. Bxf6 Bxf6 12. Qd2 b4 13. Rab1 bxc3 14. bxc3 Qa5 15.
Ra1 Qxc3 16. Rad1 Qxd2 17. Nxd2 Bd7 18. Bxa6 Nb5 19. a4 Nc3 20. Ra1 Rxa6 21.
Nc4 Ne2+ 22. Kh1 Bxa1 23. Rxa1 Rxa4 24. Na3 Rfa8 25. Rb1 Rxa3 26. Re1 Ra1 27.
e5 Rxe1# 0-1

[Event "12ème open"]
[Site "Louviers"]
[Date "2009.05.30"]
[Round "1"]
[White "Laurent, Valentin"]
[Black "Bordelet, Louis"]
[Result "0-1"]
[WhiteElo "1200"]
[BlackElo "1804"]
[PlyCount "58"]
[EventDate "2009.01.18"]
[SourceDate "2009.06.07"]

1. e4 e6 2. Nf3 c5 3. d3 Nc6 4. Bg5 Be7 5. Bxe7 Ngxe7 6. Be2 Qb6 7. O-O Qxb2 8.
Nbd2 d5 9. Rb1 Qxa2 10. Ra1 Qb2 11. Qb1 Qf6 12. Nb3 b6 13. Qc1 O-O 14. c3 Ng6
15. d4 dxe4 16. Qg5 exf3 17. Qxf6 gxf6 18. Bxf3 Bd7 19. dxc5 Nge5 20. Be4 f5
21. Bxc6 Nxc6 22. cxb6 axb6 23. Rxa8 Rxa8 24. Rd1 Ra3 25. Nd4 Nxd4 26. cxd4 b5
27. Rb1 b4 28. Rxb4 Ra1+ 29. Rb1 Rxb1# 0-1

[Event "12ème open"]
[Site "Louviers"]
[Date "2009.05.30"]
[Round "2"]
[White "Saint-Gilles, Damien"]
[Black "Leharanger, Guillaume"]
[Result "1-0"]
[WhiteElo "1669"]
[BlackElo "1320"]
[PlyCount "85"]
[EventDate "2009.01.18"]
[SourceDate "2009.06.07"]

1. d4 Nf6 2. Nf3 g6 3. Bf4 Bg7 4. c3 O-O 5. Qc1 Re8 6. Nbd2 d6 7. e3 Nc6 8. Bb5
Bd7 9. O-O e5 10. dxe5 Nxe5 11. Bxd7 Nfxd7 12. Qc2 Nxf3+ 13. Nxf3 Nf6 14. h3
Nh5 15. Bh2 a6 16. Rad1 b5 17. Rfe1 f6 18. Nd4 Qd7 19. Nb3 f5 20. Nc5 Qc6 21.
Qb3+ Kh8 22. Ne6 Be5 23. Ng5 Bxh2+ 24. Kxh2 Rf8 25. Nf7+ Kg7 26. Ng5 Rae8 27.
Ne6+ Rxe6 28. Qxe6 f4 29. Kg1 fxe3 30. Qxe3 Nf4 31. f3 Nd5 32. Qd4+ Nf6 33.
Re7+ Rf7 34. Rxf7+ Kxf7 35. Re1 Nd5 36. Qe4 Qc5+ 37. Kh1 Qc4 38. Qe6+ Kg7 39.
Qd7+ Kh6 40. Qf7 Qxa2 41. f4 b4 42. g4 bxc3 43. g5+ 1-0

[Event "12ème open"]
[Site "Louviers"]
[Date "2009.05.30"]
[Round "2"]
[White "Pigache, Emmanuel"]
[Black "Aknouche, Abdesslem"]
[Result "0-1"]
[WhiteElo "1300"]
[BlackElo "1650"]
[PlyCount "80"]
[EventDate "2009.01.18"]
[SourceDate "2009.06.07"]

1. Nf3 d5 2. d4 c6 3. Bf4 e6 4. Ne5 Nf6 5. e3 Qb6 6. b3 g6 7. Nf3 Nbd7 8. Be2
Bg7 9. O-O O-O 10. Nc3 Re8 11. Rb1 Qd8 12. Bd3 Nh5 13. Bd6 b6 14. Ba3 e5 15.
Bb2 e4 16. Be2 exf3 17. Bxf3 Nhf6 18. Ne2 Ba6 19. Re1 Bxe2 20. Qxe2 Qe7 21. c4
Rac8 22. cxd5 cxd5 23. h3 Ne4 24. Qd3 Rc7 25. Rbc1 Rec8 26. Rxc7 Rxc7 27. Rc1
Rxc1+ 28. Bxc1 Qb4 29. Qe2 f5 30. g3 Ndf6 31. Bg2 Qc3 32. Ba3 Bf8 33. Bb2 Qd2
34. Qa6 Qxf2+ 35. Kh2 Qxg3+ 36. Kg1 Qf2+ 37. Kh2 Bd6+ 38. Kh1 Ng3+ 39. Kh2 Ne2+
40. Kh1 Qg1# 0-1

[Event "12ème open"]
[Site "Louviers"]
[Date "2009.05.30"]
[Round "2"]
[White "Voegele, Francois-Marie"]
[Black "Vigneron, Frederic"]
[Result "0-1"]
[WhiteElo "1070"]
[BlackElo "1949"]
[PlyCount "52"]
[EventDate "2009.01.18"]
[SourceDate "2009.06.07"]

1. e4 c5 2. Nc3 Nc6 3. Be2 g6 4. d3 Bg7 5. Bd2 d6 6. Bf3 e6 7. Nge2 Nge7 8. O-O
a6 9. Nf4 O-O 10. Qe2 Nd4 11. Qd1 Rb8 12. Re1 b5 13. Bg4 Nec6 14. a3 Qc7 15.
Nfe2 f5 16. exf5 exf5 17. Bh3 Nxe2+ 18. Qxe2 Nd4 19. Qd1 Bb7 20. g3 Nf3+ 21.
Kf1 Nxh2+ 22. Kg1 Nf3+ 23. Kf1 Nxe1 24. Qxe1 Rbe8 25. Qd1 Qc6 26. Bg2 Qxg2# 0-1

[Event "12ème open"]
[Site "Louviers"]
[Date "2009.05.30"]
[Round "2"]
[White "Dasilva, Antoine"]
[Black "Soriano, Manon"]
[Result "1-0"]
[WhiteElo "1640"]
[BlackElo "1310"]
[PlyCount "117"]
[EventDate "2009.01.18"]
[SourceDate "2009.06.07"]

1. e4 e5 2. Nf3 Nc6 3. c3 Nf6 4. Bb5 a6 5. Qa4 Na7 6. Be2 b5 7. Qc2 Bb7 8. d3
d6 9. Bg5 Be7 10. Nbd2 Nc6 11. d4 Ng4 12. Bxe7 Nxe7 13. d5 c6 14. c4 Qb6 15.
O-O O-O 16. Ng5 Ne3 17. fxe3 Qxe3+ 18. Rf2 Qxg5 19. Nf3 Qg6 20. b3 cxd5 21.
cxd5 Nxd5 22. Nd2 Ne3 23. Qd3 Ng4 24. Rf5 Nf6 25. Raf1 d5 26. Rxe5 dxe4 27. Qe3
Ng4 28. Bxg4 Qxg4 29. h3 Qg6 30. Rf4 f5 31. Nf1 Rf7 32. Qc5 Raf8 33. Ne3 Bc8
34. Nd5 Qg5 35. Rfxe4 Bb7 36. Re1 Bxd5 37. Qxd5 g6 38. Qc6 Qf6 39. Re6 Qd4+ 40.
Kh2 Qd7 41. Qxa6 Kg7 42. Qb6 Qc7+ 43. Kh1 Qxb6 44. Rxb6 Rd8 45. Rxb5 Rd2 46. a4
Ra7 47. a5 f4 48. Rf1 g5 49. Rxg5+ Kf6 50. Rb5 Rd4 51. g3 Rad7 52. Rxf4+ Rxf4
53. gxf4 Rd1+ 54. Kg2 Rd2+ 55. Kg3 Rd3+ 56. Kg4 Kg6 57. Rg5+ Kf6 58. b4 h5+ 59.
Rxh5 1-0

[Event "12ème open"]
[Site "Louviers"]
[Date "2009.05.30"]
[Round "2"]
[White "Billard, Sebastien"]
[Black "Perieteanu, Audrey"]
[Result "1-0"]
[WhiteElo "1600"]
[BlackElo "1210"]
[PlyCount "35"]
[EventDate "2009.01.18"]
[SourceDate "2009.06.07"]

1. e4 e5 2. Nf3 Nc6 3. d4 exd4 4. Nxd4 Nxd4 5. Qxd4 Qf6 6. e5 Qc6 7. Nc3 d6 8.
Bb5 dxe5 9. Bxc6+ bxc6 10. Qxe5+ Be6 11. Qxc7 Ne7 12. Be3 a6 13. O-O-O g6 14.
Bb6 Bh6+ 15. Kb1 Bd5 16. Rhe1 Bg5 17. Nxd5 Rc8 18. Rxe7+ 1-0

[Event "12ème open"]
[Site "Louviers"]
[Date "2009.05.30"]
[Round "2"]
[White "Houriez, Philippe"]
[Black "De Saint Jores, Clement"]
[Result "1-0"]
[WhiteElo "1610"]
[BlackElo "1299"]
[PlyCount "31"]
[EventDate "2009.01.18"]
[SourceDate "2009.06.07"]

1. e4 c5 2. Nf3 g6 3. d4 b6 4. Be3 Bg7 5. Nc3 e6 6. dxc5 bxc5 7. Bxc5 Ne7 8.
Bd4 Bxd4 9. Qxd4 O-O 10. Bd3 Nbc6 11. Qe3 Nb4 12. O-O Bb7 13. Qh6 d5 14. Ng5
Re8 15. Qxh7+ Kf8 16. Qxf7# 1-0

[Event "12ème open"]
[Site "Louviers"]
[Date "2009.05.30"]
[Round "2"]
[White "Pheng, Wissam"]
[Black "Thierry, Louis"]
[Result "1-0"]
[WhiteElo "1400"]
[BlackElo "1199"]
[PlyCount "73"]
[EventDate "2009.01.18"]
[SourceDate "2009.06.08"]

1. e4 e5 2. Nf3 Nc6 3. Nc3 Nf6 4. Be2 Bc5 5. d3 Ng4 6. O-O O-O 7. Nd5 Bxf2+ 8.
Rxf2 Qe8 9. Nxc7 Qe7 10. Nxa8 Qc5 11. Qe1 Qxc2 12. Bf1 Qc5 13. h3 d6 14. hxg4
Bxg4 15. Be3 Qb4 16. Qxb4 Nxb4 17. Nc7 a5 18. a3 Nc6 19. Nd5 a4 20. Rd2 b5 21.
Nh2 Be6 22. Nc7 Bb3 23. Nxb5 Re8 24. Nc7 Re7 25. Nd5 Re6 26. Be2 Kf8 27. Rc1
Ne7 28. Nxe7 Kxe7 29. Bd1 g6 30. Bxb3 axb3 31. Ra1 h5 32. a4 Kf6 33. Rf2+ Kg7
34. Raf1 h4 35. Rxf7+ Kh8 36. Rf8+ Kg7 37. R1f7# 1-0

[Event "12ème open"]
[Site "Louviers"]
[Date "2009.05.30"]
[Round "2"]
[White "Ribeiro, Joao"]
[Black "Dunand, Damien"]
[Result "0-1"]
[WhiteElo "1290"]
[BlackElo "1620"]
[PlyCount "78"]
[EventDate "2009.01.18"]
[SourceDate "2009.06.10"]

1. e4 Nf6 2. e5 Nd5 3. c4 Nb6 4. d4 e6 5. Nf3 c5 6. Be2 Be7 7. O-O O-O 8. d5 d6
9. Bf4 dxe5 10. Bxe5 exd5 11. Qc2 d4 12. Nbd2 Nc6 13. Bg3 Bf6 14. Nb3 Be7 15.
Bd3 g6 16. a3 Be6 17. Qc1 Rc8 18. Re1 Bf6 19. Nxc5 Na5 20. Nxe6 fxe6 21. Qf4
Qd7 22. Ne5 Qe7 23. Bxg6 Bxe5 24. Bxh7+ Kxh7 25. Qxe5 Rf5 26. Qxe6 Qxe6 27.
Rxe6 Rxc4 28. Re4 d3 29. Re3 d2 30. Rc3 Rxc3 31. bxc3 Rc5 32. f3 Rxc3 33. Bf4
Nb3 34. Rd1 Na4 35. Kf2 Nb2 36. Rxd2 Nxd2 37. Bxd2 Rc2 38. Ke3 Nc4+ 39. Kd3
Rxd2+ 0-1

[Event "12ème open"]
[Site "Louviers"]
[Date "2009.05.30"]
[Round "2"]
[White "Pineau, Sarah"]
[Black "Delengaigne, Gregory"]
[Result "0-1"]
[WhiteElo "1200"]
[BlackElo "1330"]
[PlyCount "82"]
[EventDate "2009.01.18"]
[SourceDate "2009.06.12"]

1. e4 e5 2. Nf3 Nc6 3. Nc3 Nf6 4. Bc4 Bc5 5. d3 O-O 6. Bg5 d6 7. Qd2 Re8 8. O-O
Be6 9. Bb5 d5 10. Nxe5 d4 11. Nxc6 dxc3 12. Nxd8 cxd2 13. Bxe8 Nxe8 14. a4 f6
15. Bxd2 Rxd8 16. d4 Rxd4 17. Rfe1 Rxd2 18. e5 Bxf2+ 19. Kf1 Bxe1 20. Kxe1 Rxg2
21. exf6 Rg1+ 22. Ke2 Rxa1 23. b3 Nxf6 24. c4 Ra3 25. Kd2 Rxb3 26. Kc2 Bxc4 27.
a5 Rh3 28. Kb2 Kf7 29. Kc2 Rxh2+ 30. Kc3 Be6 31. Kb4 Rh5 32. Ka4 g5 33. Kb5 g4+
34. Kb4 g3 35. Kc3 g2 36. a6 b6 37. Kd4 g1=Q+ 38. Kc3 Qg4 39. Kd3 Rh3+ 40. Kd2
Qg2+ 41. Kd1 Rh1# 0-1

[Event "12ème open"]
[Site "Louviers"]
[Date "2009.05.30"]
[Round "2"]
[White "Grenet, Dominique"]
[Black "Laurent, Valentin"]
[Result "1-0"]
[WhiteElo "1440"]
[BlackElo "1200"]
[PlyCount "89"]
[EventDate "2009.01.18"]
[SourceDate "2009.06.12"]

1. e4 e5 2. Nf3 Bd6 3. d4 Nc6 4. d5 Bb4+ 5. c3 Bxc3+ 6. Nxc3 Nb4 7. Nxe5 Qe7 8.
Nf3 d6 9. a3 Bg4 10. Qa4+ Qd7 11. Qxd7+ Bxd7 12. axb4 Nf6 13. Bd3 O-O 14. O-O
Rae8 15. Rxa7 c6 16. Rxb7 cxd5 17. exd5 Ng4 18. Rxd7 Rd8 19. Re7 Ra8 20. h3 Nf6
21. Ne4 Nxe4 22. Rxe4 Rae8 23. Rxe8 Rxe8 24. Ng5 g6 25. f3 Kg7 26. f4 Kf6 27.
Nxh7+ Kg7 28. Ng5 f6 29. Ne6+ Kf7 30. f5 gxf5 31. Rxf5 Ra8 32. Bg5 Ra1+ 33. Kh2
Re1 34. Rxf6+ Ke7 35. Rf1+ Ke8 36. Bg6+ Kd7 37. Rf7+ Kc8 38. Bf5 Rxe6 39. Bxe6+
Kb8 40. Bf4 Ka8 41. Be3 Kb8 42. Bd7 Kc7 43. Bc6+ Kc8 44. Bb6 Kb8 45. Rf8# 1-0

[Event "12ème open"]
[Site "Louviers"]
[Date "2009.05.30"]
[Round "2"]
[White "Langlet, Stephanie"]
[Black "Paris, Christophe"]
[Result "0-1"]
[WhiteElo "1200"]
[BlackElo "1430"]
[PlyCount "24"]
[EventDate "2009.01.18"]
[SourceDate "2009.06.12"]

1. e4 d5 2. exd5 Qxd5 3. Nc3 Qa5 4. Nf3 Nf6 5. Be2 Bf5 6. O-O e6 7. d4 Bd6 8.
Bd3 Bg4 9. Ne4 Nxe4 10. Bxe4 Qh5 11. Qd3 Bxf3 12. Bxf3 Qxh2# 0-1

[Event "12ème open"]
[Site "Louviers"]
[Date "2009.05.31"]
[Round "3"]
[White "Delengaigne, Gregory"]
[Black "Bordelet, Louis"]
[Result "0-1"]
[WhiteElo "1330"]
[BlackElo "1804"]
[PlyCount "76"]
[EventDate "2009.01.18"]
[SourceDate "2009.06.13"]

1. e4 e6 2. d4 d5 3. exd5 exd5 4. Nf3 Bd6 5. Nc3 Ne7 6. Bd3 Bg4 7. O-O Nbc6 8.
Be3 Qd7 9. Re1 O-O-O 10. Bb5 f6 11. Qe2 Rhe8 12. Bd2 Kb8 13. Qd3 a6 14. Ba4 Bf5
15. Qf1 g5 16. Re3 Bf4 17. Re2 Bxd2 18. Nxd2 b5 19. Bb3 Nxd4 20. Ree1 Nxc2 21.
Bxc2 Bxc2 22. b4 Qc6 23. a4 Qxc3 24. Nf3 Bd3 25. Re3 Bxf1 26. Rxc3 Bc4 27. axb5
Bxb5 28. Nd4 Kb7 29. Ne6 Rc8 30. Nc5+ Kb6 31. Ne6 Nc6 32. Ng7 Re5 33. Nh5 Rce8
34. h3 Re1+ 35. Rxe1 Rxe1+ 36. Kh2 d4 37. Rc2 d3 38. Rd2 Re2 0-1

[Event "12ème open"]
[Site "Louviers"]
[Date "2009.05.31"]
[Round "3"]
[White "Pineau, Guy"]
[Black "Frey, Alain"]
[Result "0-1"]
[WhiteElo "1170"]
[BlackElo "1770"]
[PlyCount "70"]
[EventDate "2009.01.18"]
[SourceDate "2009.06.13"]

1. e4 g6 2. Bc4 Bg7 3. Nc3 Nc6 4. Nf3 d6 5. O-O Nf6 6. d4 Bg4 7. a3 Bxf3 8.
Qxf3 Nxd4 9. Qd3 c5 10. h3 O-O 11. Re1 Nd7 12. Rb1 Ne5 13. Qf1 Nxc2 14. Rd1 Nd4
15. Ba2 a6 16. b4 b6 17. Bd5 Ra7 18. Be3 e6 19. Ba2 Qe7 20. Bxd4 cxd4 21. Na4
b5 22. Nb2 Rc8 23. Nd3 Rc3 24. Rb3 Rac7 25. Rc1 Rxb3 26. Bxb3 Nxd3 27. Rxc7
Qxc7 28. Qxd3 Qc1+ 29. Bd1 Kf8 30. g3 Ke7 31. Kg2 Qc4 32. Bc2 f5 33. Qxc4 bxc4
34. a4 d3 35. Bd1 c3 0-1

[Event "12ème open"]
[Site "Louviers"]
[Date "2009.05.31"]
[Round "3"]
[White "Perieteanu, Audrey"]
[Black "Pigache, Emmanuel"]
[Result "1-0"]
[WhiteElo "1210"]
[BlackElo "1300"]
[PlyCount "85"]
[EventDate "2009.01.18"]
[SourceDate "2009.06.13"]

1. e4 d5 2. exd5 Qxd5 3. Nc3 Qa5 4. d4 Nf6 5. Nf3 c6 6. Bc4 Bg4 7. Qd3 Bf5 8.
Qe2 e6 9. a3 Nbd7 10. O-O O-O-O 11. Ng5 Bg6 12. Bd3 h6 13. Nf3 Bh5 14. Bf4 Qb6
15. b4 Re8 16. Be3 Qc7 17. Ne4 Ng4 18. Bd2 Nxh2 19. Rfe1 g5 20. Ng3 Nxf3+ 21.
gxf3 Nf6 22. Nxh5 Nxh5 23. Bc3 Nf4 24. Qd2 h5 25. d5 Nh3+ 26. Kf1 e5 27. Bf5+
Kb8 28. Bxh3 Bh6 29. Qd3 f6 30. dxc6 Rd8 31. Qf5 Qxc6 32. Bb2 Qb6 33. Red1 g4
34. Bg2 Bd2 35. fxg4 h4 36. Bh3 Qc6 37. Kg1 Rhe8 38. Bg2 Qb6 39. c4 Bxb4 40.
Rxd8+ Rxd8 41. axb4 Qxb4 42. Qxf6 Qxb2 43. Qxd8# 1-0

[Event "12ème open"]
[Site "Louviers"]
[Date "2009.05.31"]
[Round "3"]
[White "Arinal, Serge"]
[Black "Voegele, Francois-Marie"]
[Result "1-0"]
[WhiteElo "1710"]
[BlackElo "1070"]
[PlyCount "43"]
[EventDate "2009.01.18"]
[SourceDate "2009.06.13"]

1. Nf3 d5 2. c4 dxc4 3. Qa4+ Bd7 4. Qxc4 e6 5. Ne5 Nh6 6. g3 Bd6 7. Nxd7 Qxd7
8. Bg2 Nc6 9. O-O O-O 10. d4 e5 11. dxe5 Bxe5 12. Nc3 Nf5 13. Bh3 Nce7 14. Qe4
h6 15. Qxe5 c6 16. e4 h5 17. Bxf5 Qd8 18. Bh3 Ng6 19. Qxh5 Qd4 20. Be3 Qc4 21.
Bf5 Ne7 22. Qh7# 1-0

[Event "12ème open"]
[Site "Louviers"]
[Date "2009.05.31"]
[Round "3"]
[White "Leharanger, Guillaume"]
[Black "Lannaud, Jean-Charles"]
[Result "1/2-1/2"]
[WhiteElo "1320"]
[BlackElo "1610"]
[PlyCount "149"]
[EventDate "2009.01.18"]
[SourceDate "2009.06.13"]

1. e4 d5 2. exd5 Qxd5 3. Nc3 Qa5 4. Nf3 c6 5. Bc4 Bg4 6. d3 e6 7. O-O Qc7 8.
Ne2 Bxf3 9. gxf3 Bd6 10. f4 Nd7 11. Qd2 h5 12. Re1 h4 13. Qe3 Ne7 14. b3 Nf5
15. Qh3 O-O-O 16. Bb2 Bxf4 17. Nxf4 Qxf4 18. Re4 Qc7 19. Rg4 Rhg8 20. d4 Nf6
21. Rg2 Nh5 22. Rg5 Nf4 23. Qf3 Qd6 24. c3 f6 25. Rxf5 exf5 26. Bxg8 Rxg8 27.
Bc1 g5 28. Bxf4 gxf4+ 29. Kf1 c5 30. dxc5 Qxc5 31. Qxf4 h3 32. Re1 Qd5 33. Qc4+
Qxc4+ 34. bxc4 Rg4 35. Re6 Rxc4 36. Rxf6 f4 37. Ke1 b5 38. Kd2 Ra4 39. a3 Kd7
40. Rh6 Rxa3 41. Rxh3 Ke6 42. Rd3 Ra2+ 43. Ke1 Kf5 44. Rd5+ Kg4 45. Rxb5 Rc2
46. Ra5 Rxc3 47. Rxa7 Rh3 48. Rg7+ Kf3 49. Ra7 Rxh2 50. Ra3+ Kg4 51. Ke2 Rh8
52. f3+ Kg3 53. Kf1 Re8 54. Rd3 Rb8 55. Rc3 Rb1+ 56. Ke2 Rb2+ 57. Ke1 Rf2 58.
Rc8 Rxf3 59. Rg8+ Kh4 60. Rh8+ Kg5 61. Ke2 Ra3 62. Rg8+ Kf5 63. Rf8+ Ke5 64.
Re8+ Kd6 65. Rd8+ Ke7 66. Rd3 Rxd3 67. Kxd3 Kf6 68. Ke4 Kg5 69. Kf3 Kf5 70. Kf2
Ke4 71. Ke2 f3+ 72. Kf1 Kf4 73. Kf2 Kg4 74. Kf1 Kg3 75. Kg1 1/2-1/2

[Event "12ème open"]
[Site "Louviers"]
[Date "2009.05.31"]
[Round "3"]
[White "Soriano, Manon"]
[Black "Langlet, Stephanie"]
[Result "1-0"]
[WhiteElo "1310"]
[BlackElo "1200"]
[PlyCount "61"]
[EventDate "2009.01.18"]
[SourceDate "2009.06.13"]

1. e4 e5 2. Nf3 Nc6 3. Bc4 Nf6 4. Ng5 d5 5. exd5 Nxd5 6. Nxf7 Kxf7 7. Qf3+ Ke8
8. Bxd5 Qf6 9. Bxc6+ Bd7 10. Bxd7+ Kxd7 11. Qxb7 Bc5 12. O-O Rab8 13. Qd5+ Bd6
14. Nc3 c6 15. Qd3 Qg6 16. Ne4 Rhf8 17. b3 Kc7 18. Bb2 Rb5 19. Rfe1 Rf5 20.
Nxd6 Qxd6 21. Qxf5 e4 22. Rxe4 Rxf5 23. Rae1 Rf7 24. Be5 Qxe5 25. Rxe5 Kd6 26.
d4 h6 27. c4 Rb7 28. c5+ Kc7 29. Re7+ Kc8 30. Re8+ Kd7 31. R1e7# 1-0

[Event "12ème open"]
[Site "Louviers"]
[Date "2009.05.31"]
[Round "3"]
[White "Laurent, Valentin"]
[Black "Ribeiro, Joao"]
[Result "0-1"]
[WhiteElo "1200"]
[BlackElo "1290"]
[PlyCount "50"]
[EventDate "2009.01.18"]
[SourceDate "2009.06.13"]

1. g3 Nf6 2. Bg2 d5 3. Nf3 Bf5 4. d3 e6 5. Bf4 Bd6 6. Bxd6 Qxd6 7. Nc3 O-O 8.
Nb5 Qb4+ 9. Nc3 d4 10. a3 Qxb2 11. Rb1 Qxc3+ 12. Nd2 Nc6 13. Rxb7 Rfc8 14. O-O
Rab8 15. Rxb8 Rxb8 16. Nb1 Qc5 17. Bxc6 Qxc6 18. Qd2 Bh3 19. f3 Bxf1 20. Kxf1
Rxb1+ 21. Kf2 Rb2 22. Qa5 a6 23. Qg5 Qxc2 24. Kg2 Qxe2+ 25. Kh3 Qxh2# 0-1

[Event "12ème open"]
[Site "Louviers"]
[Date "2009.05.31"]
[Round "4"]
[White "Lannaud, Jean-Charles"]
[Black "Soriano, Manon"]
[Result "0-1"]
[WhiteElo "1610"]
[BlackElo "1310"]
[PlyCount "95"]
[EventDate "2009.01.18"]
[SourceDate "2009.06.13"]

1. d4 Nf6 2. Nf3 d5 3. g3 Bg4 4. Bg2 e6 5. Nc3 Be7 6. O-O Nc6 7. Bf4 O-O 8. h3
Bf5 9. Nh4 Be4 10. f3 Bf5 11. Nxf5 exf5 12. Qd2 Re8 13. Rfe1 Bb4 14. a3 Bxc3
15. Qxc3 Nh5 16. Qd2 Nxf4 17. Qxf4 Rc8 18. c3 Qd7 19. h4 g6 20. b4 Qe6 21. e3
f6 22. Bh3 Qf7 23. e4 dxe4 24. fxe4 Qb3 25. Rec1 Rxe4 26. Qd2 Rce8 27. Bf1 Rg4
28. Kf2 Qd5 29. Bg2 Qd6 30. Qd3 f4 31. Re1 fxg3+ 32. Kg1 Rxe1+ 33. Rxe1 Ne5 34.
Qb5 Nc6 35. Re8+ Kg7 36. Qc4 Rxh4 37. Qg8+ Kh6 38. Qf8+ Qxf8 39. Rxf8 f5 40.
Rf7 Rf4 41. Rxc7 Rf2 42. d5 Ne5 43. Rxb7 Rd2 44. Rb5 f4 45. d6 f3 46. Rxe5
Rxg2+ 47. Kf1 Rd2 48. Ke1 0-1

[Event "12ème open"]
[Site "Louviers"]
[Date "2009.05.31"]
[Round "4"]
[White "Voegele, Francois-Marie"]
[Black "Paris, Christophe"]
[Result "0-1"]
[WhiteElo "1070"]
[BlackElo "1430"]
[PlyCount "74"]
[EventDate "2009.01.18"]
[SourceDate "2009.06.13"]

1. e4 d5 2. d3 Nc6 3. Nf3 Bg4 4. Be2 e6 5. Be3 Bxf3 6. Bxf3 d4 7. Bf4 g5 8. Bg3
h5 9. Bxh5 Nb4 10. Be2 Nf6 11. O-O Bd6 12. Nd2 e5 13. a3 Nc6 14. Nc4 Qd7 15.
Qd2 g4 16. Nxd6+ Qxd6 17. c3 O-O-O 18. cxd4 Nxd4 19. Bd1 Kb8 20. f3 Nh5 21. Bh4
Rdg8 22. fxg4 Nf4 23. g3 Ng6 24. Bf6 Rh7 25. b4 Qc6 26. g5 Qb6 27. Bg4 Nf3+ 28.
Kg2 Nxd2 29. Rfd1 Qe3 30. Ra2 Nf4+ 31. Kh1 Nxd3 32. Be7 Qxe4+ 33. Kg1 Rxh2 34.
Kxh2 Rh8+ 35. Bh3 Qe2+ 36. Kg1 Qf2+ 37. Kh1 Rxh3# 0-1